000 00360nam a2200133Ia 4500
008 240624s9999 xx 000 0 und d
041 _aeng
082 _a332.6068 CAS
100 _aCASS ALDEN
245 _aBULLISH THINKING GUIDE FOR MANAGERS HOW
260 _c2008
_aNew Jersey
_bJohn Wiley and Sons
300 _axviii, : 215 : p. : cm. ; 24
365 _c
_b30
999 _c12698
_d12698